000 00392nam a2200145Ia 4500
008 191206s9999 xx 000 0 und d
020 _a9780199543984 (pbk.)
090 _aBS440.B73
245 0 _adictionary of the Bible
250 _a2nd ed.
260 _aOxford University Press
260 _cc2009
300 _a"xiv, 395 p. : ill., maps ; 24 cm."
999 _c15813
_d15813